MARC details
| 000 -CABECERA |
| campo de control de longitud fija |
02435nam a2200337 i 4500 |
| 003 - IDENTIFICADOR DEL NÚMERO DE CONTROL |
| campo de control |
DO-SdBNP |
| 005 - FECHA Y HORA DE LA ÚLTIMA TRANSACCIÓN |
| campo de control |
20250813093228.0 |
| 007 - CAMPO FIJO DE DESCRIPCIÓN FÍSICA--INFORMACIÓN GENERAL |
| campo de control de longitud fija |
ta |
| 008 - DATOS DE LONGITUD FIJA--INFORMACIÓN GENERAL |
| campo de control de longitud fija |
250813b2025 dr co||| |||| 001 0 spa d |
| 020 ## - NÚMERO INTERNACIONAL ESTÁNDAR DEL LIBRO |
| Número Internacional Estándar del Libro |
9789945629545 |
| 040 ## - FUENTE DE LA CATALOGACIÓN |
| Centro catalogador/agencia de origen |
DO-SdBNP |
| Lengua de catalogación |
spa |
| Centro/agencia transcriptor |
BNPHU |
| Normas de descripción |
rda |
| 041 ## - CÓDIGO DE LENGUA |
| Código de lengua del texto/banda sonora o título independiente |
spa |
| 082 ## - NÚMERO DE LA CLASIFICACIÓN DECIMAL DEWEY |
| Número de clasificación |
xxx |
| Número de documento/Ítem |
T913 |
| Número de edición |
22 |
| 100 1# - ENTRADA PRINCIPAL--NOMBRE DE PERSONA |
| Nombre de persona |
Tueni, Emely |
| Término indicativo de función/relación |
autora |
| Código de función/relación |
aut. |
| 9 (RLIN) |
30255 |
| 245 10 - MENCIÓN DE TÍTULO |
| Título |
Detalles de mi vida / |
| Mención de responsabilidad, etc. |
Emely Tueni ; prólogo, Rafael L. Solano |
| 250 ## - MENCIÓN DE EDICIÓN |
| Mención de edición |
Primera edición |
| 264 #4 - PRODUCCIÓN, PUBLICACIÓN, DISTRIBUCIÓN, FABRICACIÓN Y COPYRIGHT |
| Producción, publicación, distribución, fabricación y copyright |
Santo Domingo : |
| Nombre del de productor, editor, distribuidor, fabricante |
Banco Central, |
| Fecha de producción, publicación, distribución, fabricación o copyright |
©2025. |
| 300 ## - DESCRIPCIÓN FÍSICA |
| Extensión |
295 Páginas : |
| Otras características físicas |
retratos, fotografías |
| Dimensiones |
23 cm. |
| 336 ## - TIPO DE CONTENIDO |
| Término de tipo de contenido |
texto |
| Código de tipo de contenido |
txt |
| Fuente |
rdacontent |
| 337 ## - TIPO DE MEDIO |
| Nombre/término del tipo de medio |
sin mediación |
| Código del tipo de medio |
n |
| Fuente |
rdamedia |
| 338 ## - TIPO DE SOPORTE |
| Nombre/término del tipo de soporte |
volumen |
| Código del tipo de soporte |
nc |
| Fuente |
rdacarrier |
| 490 1# - MENCIÓN DE SERIE |
| Mención de serie |
Banco Central de la República Dominicana |
| Designación de volumen o secuencia |
325 |
| 490 1# - MENCIÓN DE SERIE |
| Mención de serie |
Arte y Literatura |
| Designación de volumen o secuencia |
124 |
| 500 ## - NOTA GENERAL |
| Nota general |
Incluye datos biografícos de la autora en las solapas. |
| 500 ## - NOTA GENERAL |
| Nota general |
Incluye índice onomástico. |
| 520 ## - SUMARIO, ETC. |
| Sumario, etc. |
Creo que resulta muy modesto el título Detalles de mi vida, que la conocida periodista Emely Tueni Brinz ha escogido para titular su libro de memorias, ya que es algo más que la historia de los suyos, una familia de inmigrantes libaneses a la República Dominicana durante los años cuarenta del siglo pasado. Con una prosa muy propia de quien ha ejercido durante largo tiempo el oficio de cronista, la autora narra el proceso de llegada de los Tueni al país, su aclimatación a nuestra idiosincrasia y luego su asentamiento como dominicanos de origen árabe, dedicados a los negocios, a través de pequeñas empresas en las que fueron hombres y mujeres prósperos.<br/>Las memorias de Emely Tueni poseen el encanto de quien ha vivido mucho, entre sueños y realidades palpables, y sabe contar lo que aprendió de cada experiencia para seguir adelante y crecer, en un<br/>ámbito urbano todavía medio aldeano, poblado de gente con aspiraciones de superación y valores compartidos, que hoy ella recuerda con nostalgia, solazándose en pormenores y anécdotas sobre figuras<br/>públicas admirables. Pero sobre todo su vida íntima, la adoración por sus parientes, su matrimonio con el comunicador y periodista Federico Astwood (1944-1998), con su segundo esposo, el gran artista plástico<br/>Iván Tovar (1942-2020), y los frutos del amor compartido. |
| 590 ## - NOTA LOCAL (RLIN) |
| Nota local |
Inventariado, 2025/ YL |
| 700 1# - PUNTO DE ACCESO ADICIONAL--NOMBRE DE PERSONA |
| Nombre de persona |
Solano, Rafael L |
| Término indicativo de función/relación |
prologuista |
| Código de función/relación |
pr. |
| 9 (RLIN) |
85685 |
| 910 ## - DATOS DE OPCIÓN DEL USUARIO (OCLC) |
| Datos de opción del usuario |
Ylockward |
| 942 ## - ELEMENTOS DE PUNTO DE ACCESO ADICIONAL (KOHA) |
| Fuente del sistema de clasificación o colocación |
Dewey Decimal Classification |
| Tipo de ítem Koha |
Libro |